Environmental engineering (Record no. 5357)

000 -LEADER
fixed length control field 00678nam a2200241 4500
001 - CONTROL NUMBER
control field 5357
003 - CONTROL NUMBER IDENTIFIER
control field BD-DhUET
008 - FIXED-LENGTH DATA ELEMENTS--GENERAL INFORMATION
fixed length control field 141126b xxu||||| |||| 00| 0 eng d
020 ## - INTERNATIONAL STANDARD BOOK NUMBER
International Standard Book Number 0071002316
040 ## - CATALOGING SOURCE
Transcribing agency 0
Modifying agency BD-DhUET
082 ## - DEWEY DECIMAL CLASSIFICATION NUMBER
Classification number 628
Item number PEA/1985
100 ## - MAIN ENTRY--PERSONAL NAME
Personal name Peavy, Howard S
245 ## - TITLE STATEMENT
Title Environmental engineering
250 ## - EDITION STATEMENT
Edition statement 1st ed.
260 ## - PUBLICATION, DISTRIBUTION, ETC. (IMPRINT)
Place of publication, distribution, etc. New york
Name of publisher, distributor, etc. McGraw-Hill
Date of publication, distribution, etc. 1985
300 ## - PHYSICAL DESCRIPTION
Extent xiv,699 p.+various paging
Other physical details ill.
490 ## - SERIES STATEMENT
Series statement McGraw-Hill series in water resources and environmental engineering
504 ## - BIBLIOGRAPHY, ETC. NOTE
Bibliography, etc Includes bibliographies
650 #0 - SUBJECT ADDED ENTRY--TOPICAL TERM
Topical term or geographic name as entry element Environmental engineering
700 ## - ADDED ENTRY--PERSONAL NAME
Personal name Rowe, Donald R.
700 ## - ADDED ENTRY--PERSONAL NAME
Personal name Tchobanoglous, George
942 ## - ADDED ENTRY ELEMENTS (KOHA)
Koha item type General Book
Holdings
Location (home branch) Shelving location Damaged status Not for loan Copy number Koha date last borrowed Koha full call number Koha issues (times borrowed) Koha item type Koha renewals Piece designation (barcode) Source of classification or shelving scheme Koha date last seen Date acquired Lost status Price effective from Withdrawn status Sublocation or collection (holding branch) Koha normalized classification for sorting
Central Library, BUETCirculation section  12023-12-10628/PEA/19859General Book 81896 2024-09-082014-11-26 2014-11-26 Central Library, BUET628PEA1985
Central Library, BUETCirculation section  22024-03-16628/PEA/198510General Book 81895 2024-06-022014-11-26 2014-11-26 Central Library, BUET628PEA1985
Central Library, BUETReading section  3 628/PEA/1985 Reading Item 88788 2015-06-182015-06-18 2015-06-18 Central Library, BUET628_000000000000000_PEA_1985
Central Library, BUETReading section  4 628/PEA/1985 Reading Item 87579 2015-06-182015-06-18 2015-06-18 Central Library, BUET628_000000000000000_PEA_1985
Central Library, BUETCirculation section  52020-03-16628/PEA/19852General Book 81894 2021-11-131991-10-28 2017-10-31 Central Library, BUET628_000000000000000_PEA_1985
Central Library, BUETRental section  ক-৫১ 628 PEA/1985 Rental Item 81847 2024-12-011991-10-28 2024-12-01 Central Library, BUET628_000000000000000_PEA_1985
Central Library, BUETRental section  ক-৭৮ 628 PEA/1985 Rental Item 81874 2024-12-011991-10-28 2024-12-01 Central Library, BUET628_000000000000000_PEA_1985
Central Library, BUETRental section  ক-৭৯ 628 PEA/1985 Rental Item 81875 2024-12-011991-10-28 2024-12-01 Central Library, BUET628_000000000000000_PEA_1985
Central Library, BUETRental section  ক-৮০ 628 PEA/1985 Rental Item 81876 2024-12-011991-10-28 2024-12-01 Central Library, BUET628_000000000000000_PEA_1985
Central Library, BUETRental section  ক-৮১ 628 PEA/1985 Rental Item 81877 2024-12-011991-10-28 2024-12-01 Central Library, BUET628_000000000000000_PEA_1985
Central Library, BUETRental section  ক-৮২ 628 PEA/1985 Rental Item 81878 2024-12-011991-10-28 2024-12-01 Central Library, BUET628_000000000000000_PEA_1985
Central Library, BUETRental section  ক-৮৩ 628 PEA/1985 Rental Item 81879 2024-12-011991-10-28 2024-12-01 Central Library, BUET628_000000000000000_PEA_1985
Central Library, BUETRental section  ক-৮৪ 628 PEA/1985 Rental Item 81880 2024-12-011991-10-28 2024-12-01 Central Library, BUET628_000000000000000_PEA_1985
Central Library, BUETRental section  ক-৮৫ 628 PEA/1985 Rental Item 81881 2024-12-011991-10-28 2024-12-01 Central Library, BUET628_000000000000000_PEA_1985
Central Library, BUETRental section  ক-৮৬ 628 PEA/1985 Rental Item 81882 2024-12-011991-10-28 2024-12-01 Central Library, BUET628_000000000000000_PEA_1985
Central Library, BUETRental section  ক-৮৭ 628 PEA/1985 Rental Item 81883 2024-12-011991-10-28 2024-12-01 Central Library, BUET628_000000000000000_PEA_1985
Central Library, BUETRental section  ক-৮৭ 628 PEA/1985 Rental Item 81884 2024-12-011991-10-28 2024-12-01 Central Library, BUET628_000000000000000_PEA_1985